Reichste Länder pro Kopf • A-Z - Statistiken

Allgemein
  • Dieses Quiz wurde 749 mal gespielt
    610 seit der letzten Aktualisierung
  • Das Durchschnittsergebnis liegt bei 15 aus 23
Antwortstatistiken
# BIP pro Kopf $ Reichstes Land # % Korrekt
A Ozeanien 54,799 Australien A
93%
D Europe 55,675 Dänemark D
84%
F Europe 49,548 Finnland F
81%
E Europe 37,606 Estland E
79%
L Europe 112,045 Luxemburg L
79%
J Asien 46,827 Japan J
78%
I Europe 86,988 Irland I
73%
H Amerika 5,600 Honduras H
72%
N Europe 79,638 Norwegen N
69%
C Amerika 27,150 Chile C
67%
R Europe 30,820 Russland R
66%
G Europe 31,616 Griechenland G
64%
P Europe 35,651 Polen P
64%
S Asien 105,689 Singapur S
62%
W Europe 21,224 Weißrussland W
62%
Z Asien 42,956 Zypern Z
61%
O Europe 55,171 Österreich O
58%
U Europe 35,941 Ungarn U
57%
B Asien 85,011 Brunei B
54%
K Asien 138,910 Katar K
54%
M Europe 49,589 Malta M
49%
V Asien 70,441 Vereinigte Arabische Emirate V
49%
T Asien 57,214 Taiwan T
40%
Keine übereinstimmenden Quizze gefunden
Verteilung der Resultate
Anzahl Personen mit jedem Resultat
Perzentil nach korrekt beantworteten Fragen
Ihre Resultats-Entwicklung
Sie haben dieses Quiz seit der letzten Aktualisierung nicht gespielt